| 000 | 00355nam a22001457a 4500 | ||
|---|---|---|---|
| 003 | OSt | ||
| 005 | 20231011103906.0 | ||
| 008 | 231011b |||||||| |||| 00| 0 eng d | ||
| 040 | _cIIMT COLLEGE OF ENGINEERING,GREATER NOIDA | ||
| 100 | _aBALAGURSWAMY,E. | ||
| 245 | _aDATA STRUCTURE | ||
| 260 |
_aNEW DELHI _bTMH _c2023 |
||
| 300 | _a315 | ||
| 942 |
_2ddc _c02 |
||
| 999 |
_c57375 _d57375 |
||